[Event "Nordnorsk Mesterskap 2025"]
[Site "Arena Nord Norge Thon Hotell H"]
[Date "2025.06.08"]
[Round "5"]
[White "Selnes, Odd K."]
[Black "Tørfoss, Sivert S"]
[Result "0-1"]
[WhiteElo "1873"]
[BlackElo "2219"]
[PlyCount "84"]
[EventDate "2025.??.??"]

1. d4 Nf6 2. Nf3 g6 3. c4 Bg7 4. Nc3 d5 5. cxd5 Nxd5 6. e4 Nxc3 7. bxc3 c5 8.
Bc4 O-O 9. h3 Nc6 10. Be3 Qa5 11. Bd2 Rd8 12. O-O Qc7 13. Rc1 cxd4 14. cxd4
Bxd4 15. Nxd4 Rxd4 16. Qf3 e6 17. Bc3 Rxc4 18. Qf6 Rxc3 19. Qxc3 e5 20. Rfd1
Be6 21. a3 Rd8 22. g4 Qe7 23. Kg2 Rd4 24. Rxd4 Nxd4 25. Qa5 Nb3 26. Rc7 Nxa5
27. Rxe7 Kf8 28. Rc7 Ke8 29. f3 Kd8 30. Rc3 Nc4 31. Kf2 Kc7 32. Ke2 b5 33. Kd3
Kc6 34. Rc1 Kb6 35. Ra1 a5 36. f4 exf4 37. Kd4 g5 38. a4 b4 39. Rc1 b3 40. Kc3
f3 41. Rb1 f2 42. Kd4 Nd2 0-1

[Event "Nordnorsk Mesterskap 2025"]
[Site "Arena Nord Norge Thon Hotell H"]
[Date "2025.06.08"]
[Round "5"]
[White "Søraas, Torben"]
[Black "Gulljord, Birk"]
[Result "1-0"]
[WhiteElo "2122"]
[BlackElo "1900"]
[PlyCount "67"]
[EventDate "2025.??.??"]

1. e4 c5 2. Nc3 Nc6 3. g3 g6 4. Bg2 Bg7 5. d3 e6 6. Be3 d6 7. Qd2 Rb8 8. Nge2
b5 9. O-O b4 10. Nd1 a5 11. Re1 Bb7 12. h3 Qc7 13. d4 cxd4 14. Nxd4 Nxd4 15.
Bxd4 e5 16. Be3 Nf6 17. f3 O-O 18. Qf2 Ba6 19. c3 Rfc8 20. Rc1 b3 21. a3 Bd3
22. Bg5 Nd7 23. Ne3 Bc4 24. Rcd1 f6 25. Nxc4 Qxc4 26. Rxd6 Nc5 27. Bf1 Qf7 28.
Be3 Na4 29. Ba6 Rd8 30. Rxd8+ Rxd8 31. Bb5 Nxc3 32. bxc3 Bf8 33. a4 Ba3 34. Bc6
1-0

[Event "Nordnorsk Mesterskap 2025"]
[Site "Arena Nord Norge Thon Hotell H"]
[Date "2025.06.08"]
[Round "5"]
[White "Hammari, Vinjar"]
[Black "Røyset, Pål N."]
[Result "0-1"]
[WhiteElo "2070"]
[BlackElo "2105"]
[PlyCount "74"]
[EventDate "2025.??.??"]

1. e4 d5 2. exd5 Nf6 3. Bb5+ Nbd7 4. c4 a6 5. Ba4 b5 6. cxb5 Nb6 7. bxa6+ Nxa4
8. Qxa4+ Bd7 9. Qc4 g6 10. Nc3 Bg7 11. b4 O-O 12. Nge2 e6 13. d6 cxd6 14. Rb1
d5 15. Qd3 e5 16. Rb3 Bf5 17. Qb5 d4 18. Nb1 Ne4 19. d3 Nd6 20. Qa4 Be6 21. Rb2
Bd7 22. b5 Nxb5 23. O-O Nc3 24. Qa3 Na4 25. Rb7 Rxa6 26. Ng3 Bc6 27. Rb2 Qd5
28. f3 Nc5 29. Qb4 Nxd3 30. Qe7 Nxb2 31. Bxb2 Rb8 32. Ba3 Qxa2 33. Bd6 Re8 34.
Qg5 f6 35. Qc1 Qe6 36. Bb4 Rb8 37. Be1 Ra1 0-1

[Event "Nordnorsk Mesterskap 2025"]
[Site "Arena Nord Norge Thon Hotell H"]
[Date "2025.06.08"]
[Round "5"]
[White "Larsen, Martin H."]
[Black "Valvåg, Torbjørn"]
[Result "1-0"]
[WhiteElo "2022"]
[BlackElo "2088"]
[PlyCount "135"]
[EventDate "2025.??.??"]

1. e4 e5 2. Nc3 Nc6 3. f4 exf4 4. d4 Qh4+ 5. Ke2 d6 6. Nd5 Bg4+ 7. Nf3 O-O-O 8.
Kd3 Qf2 9. Qe2 Qxe2+ 10. Bxe2 Bxf3 11. Bxf3 g5 12. h4 Bg7 13. c3 h6 14. hxg5
hxg5 15. Rxh8 Bxh8 16. g3 Nge7 17. gxf4 gxf4 18. Bxf4 Rg8 19. Nxe7+ Nxe7 20.
Rh1 f5 21. Rh7 fxe4+ 22. Bxe4 Bf6 23. Rf7 Bh4 24. c4 Kd7 25. Rh7 Bf6 26. b4 b6
27. c5 Rg7 28. Rxg7 Bxg7 29. cxd6 cxd6 30. d5 Ng8 31. Kc4 a6 32. a4 Nf6 33. Bf3
Kc7 34. Kb3 Nd7 35. Be2 Nb8 36. Be3 Be5 37. Bg4 Kb7 38. Kc4 Kc7 39. Bf2 Kb7 40.
b5 a5 41. Kd3 Kc7 42. Be3 Bh2 43. Ke4 Bg3 44. Be6 Bh2 45. Kf5 Bg3 46. Kf6 Be5+
47. Ke7 Bg3 48. Bg5 Be5 49. Ke8 Bg3 50. Bd8+ Kb7 51. Bd7 Bf2 52. Bf5 Bc5 53.
Ke7 Bb4 54. Be6 Ba3 55. Bd7 Bc5 56. Ke6 Bf2 57. Kxd6 Bg3+ 58. Ke6 Bf4 59. Bc6+
Ka7 60. d6 Bg3 61. d7 Nxd7 62. Kxd7 Bc7 63. Be7 Kb8 64. Ba8 Bf4 65. Bd6+ Bxd6
66. Kxd6 Kxa8 67. Kc6 Ka7 68. Kc7 1-0

[Event "Nordnorsk Mesterskap 2025"]
[Site "Arena Nord Norge Thon Hotell H"]
[Date "2025.06.08"]
[Round "5"]
[White "Halvorsen, Benjamin"]
[Black "Bech, Håvard E."]
[Result "1-0"]
[WhiteElo "1976"]
[BlackElo "2037"]
[PlyCount "145"]
[EventDate "2025.??.??"]

1. e4 e5 2. Nf3 Nc6 3. Bc4 Nf6 4. d3 Bc5 5. c3 a6 6. a4 d6 7. h3 Ba7 8. Bb3 h6
9. Nbd2 O-O 10. O-O Re8 11. Re1 Be6 12. Nf1 d5 13. Ng3 d4 14. Bxe6 Rxe6 15. Nf5
Qd7 16. Qe2 Kh7 17. g4 Ng8 18. g5 g6 19. Nxh6 Nxh6 20. gxh6 f6 21. c4 Bc5 22.
Kh2 Rg8 23. Rg1 Bf8 24. Nh4 Qf7 25. Bd2 a5 26. Rg2 b6 27. Rag1 Ne7 28. b4 axb4
29. Bxb4 c5 30. Bd2 g5 31. Nf5 Nxf5 32. exf5 Re8 33. h4 Bxh6 34. hxg5 fxg5 35.
Bxg5 Qxf5 36. Bxh6 Rxg2+ 37. Rxg2 Kxh6 38. Rg3 Re6 39. Kg2 Rg6 40. Qd2+ Kg7 41.
Rxg6+ Kxg6 42. Qc2 Qg4+ 43. Kf1 Kf5 44. Qb3 Qf3 45. Ke1 Qc6 46. Kd2 Ke6 47. Qd1
Qg2 48. Qe1 Qa8 49. Qd1 Qa5+ 50. Ke2 Qb4 51. Kf1 Kd6 52. Qf3 Qxa4 53. Qd5+ Kc7
54. Qxe5+ Kb7 55. Qe4+ Ka7 56. f4 Qd1+ 57. Kf2 Qd2+ 58. Kg3 Qd1 59. f5 Qg1+ 60.
Kf4 Qh2+ 61. Kg5 Qg3+ 62. Kf6 Qd6+ 63. Qe6 Qf8+ 64. Ke5 Qb8+ 65. Qd6 Qe8+ 66.
Kd5 Qf7+ 67. Qe6 Qb7+ 68. Ke5 Qg7+ 69. f6 Qg5+ 70. Qf5 Qe3+ 71. Kd6 Qg3+ 72.
Kc6 Qg2+ 73. Qd5 1-0

[Event "Nordnorsk Mesterskap 2025"]
[Site "Arena Nord Norge Thon Hotell H"]
[Date "2025.06.08"]
[Round "5"]
[White "Solbu, August"]
[Black "Remman, Frank R."]
[Result "1/2-1/2"]
[WhiteElo "1907"]
[BlackElo "1855"]
[PlyCount "94"]
[EventDate "2025.??.??"]

1. e4 c5 2. Nf3 e6 3. d4 cxd4 4. Nxd4 Nc6 5. Nc3 Qc7 6. g3 a6 7. Bg2 Nf6 8. O-O
Be7 9. Re1 d6 10. Nxc6 bxc6 11. b3 O-O 12. Bb2 e5 13. Qf3 Rd8 14. Qe3 a5 15.
Rad1 Ba6 16. h3 Nd7 17. Ne2 Nf8 18. f4 f6 19. c4 a4 20. Kh1 Rdb8 21. Nc1 axb3
22. axb3 Bxc4 23. Bxe5 dxe5 24. bxc4 Ra3 25. Rd3 Rba8 26. Red1 Ne6 27. f5 Nd4
28. Ne2 Rxd3 29. Rxd3 Bc5 30. Nxd4 Bxd4 31. Qe2 Ra1+ 32. Rd1 Qa5 33. Rxa1 Qxa1+
34. Bf1 h6 35. Kh2 Bc5 36. Qd3 Qe1 37. Qe2 Qa1 38. Qd3 Qb2+ 39. Be2 Kh7 40. Kg2
Qa1 41. Qd1 Qc3 42. Qf1 Qe3 43. Bf3 Bd4 44. h4 Bc5 45. Kh2 Qd2+ 46. Bg2 Qe3 47.
Bf3 Qd2+ 1/2-1/2

[Event "Nordnorsk Mesterskap 2025"]
[Site "Arena Nord Norge Thon Hotell H"]
[Date "2025.06.09"]
[Round "6"]
[White "Tørfoss, Sivert S."]
[Black "Hammari, Vinjar"]
[Result "0-1"]
[WhiteElo "2219"]
[BlackElo "2070"]
[PlyCount "104"]
[EventDate "2025.??.??"]

1. d4 d5 2. Nf3 Nf6 3. c4 dxc4 4. e3 b5 5. a4 c6 6. b3 e6 7. bxc4 bxc4 8. Bxc4
Be7 9. O-O O-O 10. Qe2 c5 11. dxc5 Bxc5 12. Bb2 Nbd7 13. Rd1 Bb7 14. Nbd2 Qe7
15. Rab1 Rab8 16. Nb3 Bd6 17. Nbd4 Ne5 18. Nxe5 Bxe5 19. Nc6 Bxh2+ 20. Kxh2
Bxc6 21. Ra1 Rfc8 22. Be5 Ra8 23. Bd6 Qe8 24. a5 Ne4 25. Be5 Qe7 26. f3 Qg5 27.
Qb2 Qh6+ 28. Kg1 Qxe3+ 29. Kf1 Nf6 30. Qd4 Qg5 31. Ba6 Rd8 32. Qxd8+ Rxd8 33.
Rxd8+ Ne8 34. Bc7 g6 35. Rad1 Kg7 36. Bb8 Qxa5 37. Be2 Nf6 38. R8d6 Bb5 39. Rd8
Nd5 40. Be5+ f6 41. R8xd5 exd5 42. Bd4 Bxe2+ 43. Kxe2 Qb5+ 44. Kf2 a5 45. Rc1
g5 46. g4 a4 47. Re1 Qb4 48. Ba1 Kf7 49. Rh1 Qd2+ 50. Kg3 Kg6 51. Rb1 a3 52.
Kh3 Qd3 0-1

[Event "Nordnorsk Mesterskap 2025"]
[Site "Arena Nord Norge Thon Hotell H"]
[Date "2025.06.09"]
[Round "6"]
[White "Valvåg, Torbjørn"]
[Black "Solbu, August"]
[Result "1-0"]
[WhiteElo "2088"]
[BlackElo "1907"]
[PlyCount "47"]
[EventDate "2025.??.??"]

1. d4 d5 2. Nf3 Nf6 3. g3 e6 4. c4 Be7 5. Bg2 O-O 6. O-O dxc4 7. Qc2 a6 8. a4
Bd7 9. Qxc4 Bc6 10. Bg5 Nbd7 11. Nc3 Nd5 12. Bxe7 Qxe7 13. Nxd5 Bxd5 14. Qxc7
Rac8 15. Qf4 Rc2 16. e4 Bc6 17. Ne1 Rxb2 18. Nd3 Rb3 19. Qd2 Rd8 20. d5 Nc5 21.
Nxc5 Qxc5 22. Qa2 Qb4 23. dxc6 Rd2 24. c7 1-0

[Event "Nordnorsk Mesterskap 2025"]
[Site "Arena Nord Norge Thon Hotell H"]
[Date "2025.06.09"]
[Round "6"]
[White "Søraas, Torben"]
[Black "Larsen, Martin H."]
[Result "1-0"]
[WhiteElo "2122"]
[BlackElo "2022"]
[PlyCount "50"]
[EventDate "2025.??.??"]

1. e4 Nf6 2. e5 Nd5 3. c4 Nb6 4. d4 d6 5. exd6 cxd6 6. Nc3 g6 7. Be3 Bg7 8. Rc1
O-O 9. Be2 Nc6 10. b3 Bf5 11. Nf3 Qd7 12. d5 Nd8 13. h3 h5 14. Qd2 f6 15. Nh4
Kf7 16. Nxf5 Qxf5 17. g4 Qd7 18. gxh5 g5 19. Qd3 Rh8 20. Bg4 Qe8 21. h4 gxh4
22. Rxh4 Kg8 23. h6 Nd7 24. Bxd7 Qxd7 25. Qg6 e5 1-0

[Event "Nordnorsk Mesterskap 2025"]
[Site "Arena Nord Norge Thon Hotell H"]
[Date "2025.06.09"]
[Round "6"]
[White "Røyset, Pål N."]
[Black "Halvorsen, Benjamin"]
[Result "0-1"]
[WhiteElo "2105"]
[BlackElo "1976"]
[PlyCount "56"]
[EventDate "2025.??.??"]

1. e4 e5 2. Nc3 Nf6 3. g3 d5 4. exd5 c6 5. dxc6 Nxc6 6. Bg2 Bg4 7. Bxc6+ bxc6
8. f3 Be6 9. d3 Nd5 10. Nxd5 Qxd5 11. Be3 c5 12. b3 Be7 13. Kf2 f5 14. Ne2 f4
15. Bd2 O-O 16. Nc3 Qc6 17. Ne4 fxg3+ 18. Kxg3 Bf5 19. Kg2 Bxe4 20. fxe4 Qg6+
21. Kh3 Rf2 22. Rg1 Qe6+ 23. Qg4 Qxg4+ 24. Rxg4 Rxd2 25. Rag1 Bf6 26. Rf1 Rf8
27. Rg2 Rxg2 28. Kxg2 Bh4 0-1

[Event "Nordnorsk Mesterskap 2025"]
[Site "Arena Nord Norge Thon Hotell H"]
[Date "2025.06.09"]
[Round "6"]
[White "Bech, Håvard E."]
[Black "Gulljord, Birk"]
[Result "1-0"]
[WhiteElo "2037"]
[BlackElo "1900"]
[PlyCount "51"]
[EventDate "2025.??.??"]

1. d4 Nf6 2. c4 Nc6 3. Nf3 e6 4. a3 g6 5. Nc3 Bg7 6. d5 Ne7 7. e4 exd5 8. cxd5
d6 9. Be3 O-O 10. Be2 Ng4 11. Bd4 f6 12. O-O Ne5 13. Nxe5 fxe5 14. Be3 h6 15.
Rc1 a6 16. b4 g5 17. b5 Ng6 18. bxa6 bxa6 19. Bg4 Nf4 20. g3 h5 21. Bxc8 Qxc8
22. gxf4 gxf4 23. Bd2 f3 24. Kh1 Qh3 25. Rg1 Kh7 26. Rg3 1-0

[Event "Nordnorsk Mesterskap 2025"]
[Site "Arena Nord Norge Thon Hotell H"]
[Date "2025.06.09"]
[Round "6"]
[White "Remman, Frank R."]
[Black "Selnes, Odd K."]
[Result "1-0"]
[WhiteElo "1855"]
[BlackElo "1873"]
[PlyCount "37"]
[EventDate "2025.??.??"]

1. d4 d5 2. c4 c6 3. g3 Nf6 4. Bg2 e6 5. Nf3 Nbd7 6. O-O Be7 7. Qc2 O-O 8. Nbd2
b6 9. e4 dxe4 10. Nxe4 Nxe4 11. Qxe4 Bb7 12. Rd1 Nf6 13. Qe2 Qc8 14. Bg5 h6 15.
Bf4 Rd8 16. Rac1 Bd6 17. Ne5 Qc7 18. c5 Nd5 19. Bxd5 1-0